[Event "Lower Saxony-ch"]
[Site "Verden an der Aller"]
[Date "2025.01.05"]
[Round "7"]
[White "Jakobeit, David"]
[Black "Knuedel, Torben"]
[Result "1/2-1/2"]
[WhiteElo "2243"]
[BlackElo "2303"]
[PlyCount "150"]
[EventDate "2025.01.02"]
[EventType "swiss"]
[EventRounds "7"]
[EventCountry "GER"]
[SourceTitle "CB02_2025"]
[SourceDate "2025.01.08"]
[SourceVersion "1"]
[SourceVersionDate "2025.01.08"]
[SourceQuality "1"]

1. e4 e5 2. Nf3 Nc6 3. Bc4 Nf6 4. Ng5 d5 5. exd5 Na5 6. Bb5+ c6 7. dxc6 bxc6 8. Bd3 Nd5 9. h4 g6 10. Nc3 Bg7 11. Nxd5 cxd5 12. Bb5+ Bd7 13. Qf3 0-0 14. Qxd5 Bxb5 15. Qxb5 Rc8 16. c3 h6 17. Ne4 f5 18. b4 fxe4 19. bxa5 Kh7 20. Qe2 Qxa5 21. h5 gxh5 22. Qxe4+ Kh8 23. Rxh5 Qb6 24. Qe2 Qg6 25. Kf1 Rf4 26. d3 Rg4 27. Rh2 e4 28. dxe4 Rxe4 29. Be3 Rxc3 30. Rd1 Re6 31. Qh5 Ra3 32. Qd5 Qe4 33. Qxe4 Rxe4 34. Rd8+ Kh7 35. Rd7 Re6 36. Bd4 Rg6 37. Rxa7 Rxa7 38. Bxa7 Ra6 39. Be3 Ra5 40. a3 Rxa3 41. Rh4 Ra6 42. Ke2 Ra5 43. Kf3 h5 44. Rc4 Kg6 45. Rc6+ Kf5 46. Rc7 Kg6 47. Ke4 Ra4+ 48. Kf3 Ra5 49. g3 Rb5 50. Kg2 Ra5 51. Kh3 Rb5 52. Rc6+ Kf7 53. Bf4 Bf6 54. Be3 Bg7 55. f4 Bf6 56. Ra6 Rb3 57. Bf2 Rb5 58. Rc6 Rd5 59. Be1 Rd3 60. Rc5 Re3 61. Bf2 Re2 62. Rc7+ Kg6 63. Bg1 Rd2 64. Rc6 Kf7 65. Ra6 Rd3 66. Bf2 Rd2 67. Bc5 Rd3 68. Kg2 h4 69. g4 Rg3+ 70. Kh2 Rxg4 71. f5 Rf4 72. Ra7+ Ke8 73. Ra8+ Kd7 74. Ra7+ Kc8 75. Ra8+ Kd7 1/2-1/2

[Event "Titled Tuesday intern op 16th Jul Late"]
[Site "Chess.com INT"]
[Date "2024.07.16"]
[Round "11"]
[White "Jakobeit, David"]
[Black "Mikhalsky, Vladimir"]
[Result "0-1"]
[WhiteElo "2204"]
[BlackElo "2219"]
[PlyCount "86"]
[EventDate "2024.07.16"]
[EventType "swiss (blitz)"]
[EventRounds "11"]
[EventCountry "USA"]
[SourceTitle "EXT 2025"]
[Source "ChessBase"]
[SourceDate "2024.10.14"]
[SourceVersion "1"]
[SourceVersionDate "2024.10.14"]
[SourceQuality "1"]

1. e4 g6 2. d4 Bg7 3. Nc3 d6 4. Be3 a6 5. a4 b6 6. f3 Bb7 7. Qd2 Nd7 8. h4 h5 9. Nh3 c5 10. Ng5 Ngf6 11. Bc4 0-0 12. 0-0 Rc8 13. Ba2 c4 14. Rad1 e6 15. d5 e5 16. Qe2 Qc7 17. Nb1 Nh7 18. Nxh7 Kxh7 19. c3 b5 20. axb5 axb5 21. Nd2 Bh6 22. Bxh6 Kxh6 23. f4 exf4 24. Rxf4 Ne5 25. Nf3 Nd3 26. Rxd3 cxd3 27. Qxd3 f6 28. Nd4 Qb6 29. Kh2 Ra8 30. Ne6 Rf7 31. Bb1 Bc8 32. e5 f5 33. Ng5 Re7 34. e6 Ra1 35. Bc2 Qg1+ 36. Kg3 Qe1+ 37. Kh2 Qe5 38. Qg3 Qxd5 39. Nf7+ Rxf7 40. exf7 Qxf7 41. Qg5+ Kh7 42. Rf2 Re1 43. Qe3 Rxe3 0-1

[Event "Titled Tuesday intern op 16th Jul Late"]
[Site "Chess.com INT"]
[Date "2024.07.16"]
[Round "7"]
[White "Jakobeit, David"]
[Black "Montero Martinez, Cristian"]
[Result "1-0"]
[WhiteElo "2204"]
[BlackElo "2004"]
[PlyCount "67"]
[EventDate "2024.07.16"]
[EventType "swiss (blitz)"]
[EventRounds "11"]
[EventCountry "USA"]
[SourceTitle "EXT 2025"]
[Source "ChessBase"]
[SourceDate "2024.10.14"]
[SourceVersion "1"]
[SourceVersionDate "2024.10.14"]
[SourceQuality "1"]

1. e4 d6 2. d4 Nf6 3. Nc3 e5 4. Nf3 exd4 5. Nxd4 Be7 6. Bd3 0-0 7. 0-0 Re8 8. Re1 Bf8 9. Bg5 h6 10. Bh4 Nc6 11. Nxc6 bxc6 12. Qf3 Rb8 13. Bxf6 Qxf6 14. Qxf6 gxf6 15. b3 Bg7 16. Rad1 f5 17. Na4 fxe4 18. Bxe4 Bd7 19. g3 Kf8 20. Kg2 d5 21. Bf3 Rb5 22. c4 Ra5 23. Rxe8+ Bxe8 24. cxd5 cxd5 25. Bxd5 Bxa4 26. bxa4 Rxa4 27. Bb3 Rd4 28. Rc1 Be5 29. Rc6 Bd6 30. Ra6 Rd2 31. Kh3 Rxf2 32. Rxa7 Kg7 33. a4 Rb2 34. Bd5 1-0

[Event "Titled Tuesday intern op 16th Jul Late"]
[Site "Chess.com INT"]
[Date "2024.07.16"]
[Round "5"]
[White "Jakobeit, David"]
[Black "Omariev, Maksim"]
[Result "0-1"]
[WhiteElo "2204"]
[BlackElo "2304"]
[PlyCount "96"]
[EventDate "2024.07.16"]
[EventType "swiss (blitz)"]
[EventRounds "11"]
[EventCountry "USA"]
[SourceTitle "EXT 2025"]
[Source "ChessBase"]
[SourceDate "2024.10.14"]
[SourceVersion "1"]
[SourceVersionDate "2024.10.14"]
[SourceQuality "1"]

1. e4 c5 2. d4 cxd4 3. c3 dxc3 4. Nxc3 e6 5. Nf3 a6 6. Bc4 Nc6 7. 0-0 Nge7 8. Bg5 f6 9. Be3 Ng6 10. Bb3 Be7 11. Nd4 Nge5 12. f4 Nxd4 13. Bxd4 Nc6 14. Be3 0-0 15. f5 Kh8 16. Qh5 Qe8 17. Qh3 Na5 18. Rf4 Qf7 19. Rh4 Qg8 20. Nd5 Bd8 21. Nf4 g5 22. fxg6 Rf7 23. gxf7 Qxf7 24. Bc2 e5 25. Nd5 d6 26. Qf3 Be6 27. Rf1 Nc4 28. Bc1 Nb6 29. Nxf6 Bxf6 30. Qxf6+ Qxf6 31. Rxf6 Bxa2 32. Rf7 Bxf7 33. Bg5 Rc8 34. Bd3 Bg6 35. Be7 Rc6 36. Rh3 Kg7 37. Rf3 Nc8 38. Bg5 b5 39. g4 Rc7 40. h4 h6 41. Bd2 Nb6 42. h5 Bf7 43. g5 Bxh5 44. Rh3 Bg4 45. gxh6+ Kh7 46. Rg3 Be6 47. Rf3 Re7 48. Rf6 Nc8 0-1

[Event "Titled Tuesday intern op 16th Jul Late"]
[Site "Chess.com INT"]
[Date "2024.07.16"]
[Round "1"]
[White "Jakobeit, David"]
[Black "Thomforde Toates, Noah"]
[Result "0-1"]
[WhiteElo "2204"]
[BlackElo "2124"]
[PlyCount "84"]
[EventDate "2024.07.16"]
[EventType "swiss (blitz)"]
[EventRounds "11"]
[EventCountry "USA"]
[SourceTitle "EXT 2025"]
[Source "ChessBase"]
[SourceDate "2024.10.14"]
[SourceVersion "1"]
[SourceVersionDate "2024.10.14"]
[SourceQuality "1"]

1. e4 c5 2. d4 cxd4 3. c3 d3 4. Bxd3 Nc6 5. c4 g6 6. Nc3 Bg7 7. Nf3 d6 8. h3 Nf6 9. 0-0 0-0 10. Be3 Be6 11. Rc1 Qa5 12. b3 Rfc8 13. Qe2 Ng4 14. Bd2 Nge5 15. Bb1 Nxf3+ 16. Qxf3 Nd4 17. Qd3 Qh5 18. Be3 Nc6 19. f4 a6 20. Nd5 Bxd5 21. cxd5 Nb4 22. Qd2 a5 23. a3 Na6 24. Qxa5 Nc5 25. Qb4 Qe2 26. Rfe1 Qb2 27. e5 Nxb3 28. Rxc8+ Rxc8 29. Qxb7 Qc3 30. Re2 Nd4 31. Bxd4 Qxd4+ 32. Kh2 Qxf4+ 33. g3 Qc4 34. Rc2 Qxc2+ 35. Bxc2 Rxc2+ 36. Kg1 Bxe5 37. Qb8+ Kg7 38. Qb3 Rc3 39. Qd1 Rxg3+ 40. Kf2 Rxa3 41. h4 Rh3 42. Qd3 Rxd3 0-1

[Event "Titled Tuesday intern op 16th Jul Late"]
[Site "Chess.com INT"]
[Date "2024.07.16"]
[Round "6"]
[White "Pein, Jonathan"]
[Black "Jakobeit, David"]
[Result "1-0"]
[WhiteElo "2279"]
[BlackElo "2204"]
[PlyCount "89"]
[EventDate "2024.07.16"]
[EventType "swiss (blitz)"]
[EventRounds "11"]
[EventCountry "USA"]
[SourceTitle "EXT 2025"]
[Source "ChessBase"]
[SourceDate "2024.10.14"]
[SourceVersion "1"]
[SourceVersionDate "2024.10.14"]
[SourceQuality "1"]

1. b3 d6 2. Bb2 e5 3. d4 exd4 4. Qxd4 Nc6 5. Qd2 Nf6 6. Nc3 g6 7. 0-0-0 Bg7 8. h4 h5 9. Nf3 a5 10. Ng5 0-0 11. e3 a4 12. Nxa4 Bd7 13. Nc3 Ne5 14. Kb1 Bc6 15. f3 b5 16. Bxb5 Bxb5 17. Nxb5 Qb8 18. Nd4 Qa7 19. a3 Rfb8 20. Kc1 Nc4 21. Nc6 Qb6 22. Ne7+ Kf8 23. Qd4 Nxb2 24. Nxg6+ fxg6 25. Ne6+ Kf7 26. Nxg7 Kxg7 27. Qxb2 Qxe3+ 28. Kb1 Qe5 29. Rd4 c5 30. Rd2 Qxb2+ 31. Kxb2 c4 32. Rhd1 cxb3 33. cxb3 d5 34. Rd3 Re8 35. R1d2 Re5 36. b4 Rb8 37. Kb3 Kh6 38. a4 g5 39. hxg5+ Kxg5 40. b5 Kf5 41. Rd4 Ke6 42. Kb4 Nd7 43. f4 Re4 44. a5 Kd6 45. Rxe4 1-0

[Event "Titled Tuesday intern op 16th Jul Late"]
[Site "Chess.com INT"]
[Date "2024.07.16"]
[Round "10"]
[White "Spichkin, Alexander"]
[Black "Jakobeit, David"]
[Result "1-0"]
[WhiteElo "2035"]
[BlackElo "2204"]
[PlyCount "71"]
[EventDate "2024.07.16"]
[EventType "swiss (blitz)"]
[EventRounds "11"]
[EventCountry "USA"]
[SourceTitle "EXT 2025"]
[Source "ChessBase"]
[SourceDate "2024.10.14"]
[SourceVersion "1"]
[SourceVersionDate "2024.10.14"]
[SourceQuality "1"]

1. f4 e5 2. d3 d6 3. Nf3 Nc6 4. e4 g6 5. Nc3 Bg7 6. Be2 Nge7 7. 0-0 0-0 8. Qe1 exf4 9. Bxf4 d5 10. Qh4 dxe4 11. Nxe4 Nf5 12. Qe1 Bxb2 13. Rb1 Bg7 14. Kh1 Ncd4 15. Nxd4 Nxd4 16. Bd1 b6 17. Qg3 Nf5 18. Qe1 Bb7 19. Bg5 f6 20. Bf4 Re8 21. Bg4 Nd6 22. Qe3 f5 23. Bg5 Qd7 24. Bh3 Nxe4 25. dxe4 Bxe4 26. Qb3+ Qd5 27. Qg3 Be5 28. Qh4 Bd6 29. Rbd1 Qxa2 30. Bf6 Bf8 31. Bxf5 Bxf5 32. Rxf5 Qxc2 33. Rff1 Bg7 34. Bxg7 Kxg7 35. Rd7+ Kg8 36. Qxh7# 1-0

[Event "Niedersachsen-ch"]
[Site "Verden an der Aller"]
[Date "2024.01.04"]
[Round "2"]
[White "Jakobeit, David"]
[Black "Von Mettenheim, Johannes"]
[Result "1-0"]
[WhiteElo "2213"]
[BlackElo "2284"]
[PlyCount "57"]
[EventDate "2024.01.04"]
[EventType "swiss"]
[EventRounds "7"]
[EventCountry "GER"]
[SourceTitle "CBM 218 Extra"]
[Source "ChessBase"]
[SourceDate "2024.03.31"]
[SourceVersion "1"]
[SourceVersionDate "2024.03.31"]
[SourceQuality "1"]

1. e4 c6 2. d4 d5 3. f3 Qb6 4. Nc3 dxe4 5. Bc4 Nf6 6. Bb3 e3 7. Bxe3 Bf5 8. Qd2 e6 9. g4 Bg6 10. d5 Bc5 11. Bxc5 Qxc5 12. dxe6 0-0 13. 0-0-0 Na6 14. Nge2 fxe6 15. Bxe6+ Kh8 16. Nf4 Bf7 17. Rhe1 Nc7 18. Bxf7 Rxf7 19. Nd3 Qa5 20. Ne5 Rff8 21. Kb1 Rae8 22. Qd6 Kg8 23. Nc4 Qa6 24. Ne3 Ne6 25. Nf5 Ng5 26. Re7 Nf7 27. Qe6 Qa5 28. g5 Kh8 29. gxf6 1-0

[Event "Titled Tuesday intern op 15th Aug Early"]
[Site "Chess.com INT"]
[Date "2023.08.15"]
[Round "2"]
[White "Baziuk, Vladyslav"]
[Black "Jakobeit, David"]
[Result "1-0"]
[WhiteElo "2211"]
[BlackElo "2210"]
[PlyCount "43"]
[EventDate "2023.08.15"]
[EventType "swiss (blitz)"]
[EventRounds "11"]
[EventCountry "USA"]
[SourceTitle "EXT 2024"]
[Source "ChessBase"]
[SourceDate "2023.10.10"]
[SourceVersion "1"]
[SourceVersionDate "2023.10.10"]
[SourceQuality "1"]

1. e4 c6 2. Nc3 d5 3. Nf3 dxe4 4. Nxe4 Nf6 5. Qe2 Nxe4 6. Qxe4 Nd7 7. Bc4 Nf6 8. Ne5 e6 9. Qe2 b5 10. Bd3 Qc7 11. a4 Bd6 12. Nxc6 Bd7 13. axb5 0-0 14. 0-0 Bxc6 15. bxc6 Qxc6 16. b3 Nd5 17. Qe4 f5 18. Qxe6+ Kh8 19. Ra6 Rf6 20. Qxf6 Bxh2+ 21. Kxh2 Qc7+ 22. Qd6 1-0

[Event "Titled Tuesday intern op 15th Aug Early"]
[Site "Chess.com INT"]
[Date "2023.08.15"]
[Round "5"]
[White "Jakobeit, David"]
[Black "Herman, Matthew J"]
[Result "0-1"]
[WhiteElo "2210"]
[BlackElo "2383"]
[PlyCount "90"]
[EventDate "2023.08.15"]
[EventType "swiss (blitz)"]
[EventRounds "11"]
[EventCountry "USA"]
[SourceTitle "EXT 2024"]
[Source "ChessBase"]
[SourceDate "2023.10.10"]
[SourceVersion "1"]
[SourceVersionDate "2023.10.10"]
[SourceQuality "1"]

1. e4 c5 2. d4 cxd4 3. c3 d3 4. Bxd3 Nc6 5. c4 g6 6. Nf3 d6 7. 0-0 Bg4 8. Nc3 Bg7 9. Be2 Bxf3 10. Bxf3 Nf6 11. Re1 0-0 12. Be3 Nd7 13. Rc1 Qa5 14. Qd2 Rfc8 15. b3 Nc5 16. Bf4 a6 17. Qe3 Bd4 18. Qd2 Bg7 19. Qe3 Bd4 20. Qd2 Be5 21. Nd5 Qxd2 22. Bxd2 Nd3 23. Nb6 Nxe1 24. Nxc8 Nxf3+ 25. gxf3 Rxc8 26. Be3 Nd4 27. Kg2 Ne6 28. Rd1 Kg7 29. h4 h6 30. Rd2 g5 31. hxg5 hxg5 32. Rd1 f6 33. Rh1 Rh8 34. Rxh8 Kxh8 35. Kh3 Kg7 36. Kg4 Kg6 37. a3 Ng7 38. b4 e6 39. Kh3 f5 40. Kg2 f4 41. Bb6 Ne8 42. Bd8 Bf6 43. Bc7 Be7 44. Bb6 Nf6 45. Bd4 Nd7 0-1

[Event "Titled Tuesday intern op 18th Jul Late"]
[Site "Chess.com INT"]
[Date "2023.07.18"]
[Round "2"]
[White "Jakobeit, David"]
[Black "Bochnicka, Vladimir1"]
[Result "0-1"]
[WhiteElo "2210"]
[BlackElo "2330"]
[PlyCount "56"]
[EventDate "2023.07.18"]
[EventType "swiss (blitz)"]
[EventRounds "11"]
[EventCountry "USA"]
[SourceTitle "EXT 2024"]
[Source "ChessBase"]
[SourceDate "2023.10.10"]
[SourceVersion "1"]
[SourceVersionDate "2023.10.10"]
[SourceQuality "1"]

1. e4 e5 2. Nc3 Nf6 3. d4 exd4 4. Qxd4 Nc6 5. Qd3 d6 6. Bg5 Be7 7. 0-0-0 0-0 8. f4 a6 9. Nf3 b5 10. Kb1 Nb4 11. Qd2 Bb7 12. Bd3 c5 13. e5 dxe5 14. fxe5 Nfd5 15. Nxd5 Bxd5 16. Bxe7 Bxa2+ 17. Ka1 Qxe7 18. c3 Nxd3 19. Qxd3 Bb3 20. Rde1 Rfd8 21. Qf5 Qc7 22. Kb1 Qa5 23. Ng5 g6 24. Qe4 b4 25. e6 fxe6 26. cxb4 cxb4 27. Nxe6 Qa2+ 28. Kc1 Rac8+ 0-1

[Event "Titled Tuesday intern op 18th Jul Late"]
[Site "Chess.com INT"]
[Date "2023.07.18"]
[Round "8"]
[White "Jakobeit, David"]
[Black "Joubert, Dantelle"]
[Result "1-0"]
[WhiteElo "2210"]
[BlackElo "1566"]
[PlyCount "49"]
[EventDate "2023.07.18"]
[EventType "swiss (blitz)"]
[EventRounds "11"]
[EventCountry "USA"]
[SourceTitle "EXT 2024"]
[Source "ChessBase"]
[SourceDate "2023.10.10"]
[SourceVersion "1"]
[SourceVersionDate "2023.10.10"]
[SourceQuality "1"]

1. e4 c5 2. d4 cxd4 3. c3 d3 4. Bxd3 Nc6 5. c4 Nf6 6. Nf3 d6 7. h3 g6 8. 0-0 Bg7 9. Nc3 0-0 10. Be3 Qa5 11. a3 Bd7 12. b4 Qd8 13. Rc1 Be6 14. Qe2 a6 15. Rfd1 Rc8 16. c5 dxc5 17. Bxc5 Qe8 18. Ng5 Bb3 19. Rd2 Bh6 20. f4 Nh5 21. Be3 Bxg5 22. fxg5 Ne5 23. Bc2 Bxc2 24. Rdxc2 Nc4 25. Bd4 1-0

[Event "Titled Tuesday intern op 18th Jul Late"]
[Site "Chess.com INT"]
[Date "2023.07.18"]
[Round "11"]
[White "Jakobeit, David"]
[Black "Stachanczyk, Jacek"]
[Result "1-0"]
[WhiteElo "2210"]
[BlackElo "2124"]
[PlyCount "47"]
[EventDate "2023.07.18"]
[EventType "swiss (blitz)"]
[EventRounds "11"]
[EventCountry "USA"]
[SourceTitle "EXT 2024"]
[Source "ChessBase"]
[SourceDate "2023.10.10"]
[SourceVersion "1"]
[SourceVersionDate "2023.10.10"]
[SourceQuality "1"]

1. e4 c5 2. d4 cxd4 3. c3 dxc3 4. Nxc3 Nc6 5. Nf3 d6 6. Bc4 a6 7. 0-0 Nf6 8. Qe2 Bg4 9. Be3 e6 10. Bb3 Ne5 11. Rfd1 Bxf3 12. gxf3 Be7 13. f4 Ng6 14. e5 Nd7 15. exd6 Bf6 16. f5 Nh4 17. fxe6 fxe6 18. Bxe6 Kf8 19. Nd5 Rc8 20. Rac1 Rxc1 21. Rxc1 Qe8 22. Bf4 Qg6+ 23. Qg4 Qxg4+ 24. Bxg4 1-0

[Event "Titled Tuesday intern op 18th Jul Late"]
[Site "Chess.com INT"]
[Date "2023.07.18"]
[Round "10"]
[White "Prieto Aranguren, Alain"]
[Black "Jakobeit, David"]
[Result "0-1"]
[WhiteElo "2258"]
[BlackElo "2210"]
[PlyCount "100"]
[EventDate "2023.07.18"]
[EventType "swiss (blitz)"]
[EventRounds "11"]
[EventCountry "USA"]
[SourceTitle "EXT 2024"]
[Source "ChessBase"]
[SourceDate "2023.10.10"]
[SourceVersion "1"]
[SourceVersionDate "2023.10.10"]
[SourceQuality "1"]

1. e4 c6 2. d4 d5 3. e5 c5 4. dxc5 e6 5. c3 Bxc5 6. Nd2 Nc6 7. Ngf3 Nge7 8. Nb3 Bb6 9. Bd3 Ng6 10. Qe2 0-0 11. 0-0 a5 12. a4 Bd7 13. Rd1 Qe7 14. Nbd2 f6 15. exf6 gxf6 16. c4 Nf4 17. Qf1 Qg7 18. Nb3 Nh3+ 19. Kh1 Nxf2+ 20. Qxf2 Bxf2 21. cxd5 exd5 22. Rf1 Bb6 23. Bd2 Ne5 24. Be2 Rae8 25. Bc3 Kh8 26. Nbd4 Rg8 27. g3 Qh6 28. Nh4 Bxd4 29. Bxd4 Qd2 30. Bxe5 fxe5 31. Bh5 Ref8 32. Rfd1 Qxb2 33. Rab1 Qa3 34. Rxb7 Bc6 35. Rb6 Qc5 36. Rxc6 Qxc6 37. Bf3 Rxf3 38. Nxf3 d4 39. Kg2 Rf8 40. Rf1 d3 41. Rf2 d2 42. Rxd2 Qxf3+ 43. Kh3 e4 44. Rd7 e3 45. Rd4 e2 46. Rf4 Qxf4 47. gxf4 e1Q 48. Kg4 Qf2 49. h3 Qxf4+ 50. Kh5 Rf5# 0-1

[Event "Titled Tuesday intern op 11th Jul Early"]
[Site "Chess.com INT"]
[Date "2023.07.11"]
[Round "2"]
[White "Jakobeit, David"]
[Black "Shishkov, Andrei"]
[Result "0-1"]
[WhiteElo "2210"]
[BlackElo "2340"]
[PlyCount "90"]
[EventDate "2023.07.11"]
[EventType "swiss (blitz)"]
[EventRounds "11"]
[EventCountry "USA"]
[SourceTitle "EXT 2024"]
[Source "ChessBase"]
[SourceDate "2023.10.10"]
[SourceVersion "1"]
[SourceVersionDate "2023.10.10"]
[SourceQuality "1"]

1. e4 d5 2. exd5 Nf6 3. Nf3 Nxd5 4. d4 Bg4 5. c4 Nb6 6. c5 N6d7 7. Bc4 e6 8. Nc3 Nc6 9. Be3 Be7 10. h3 Bh5 11. 0-0 0-0 12. Ne4 Nf6 13. Ng3 Bxf3 14. Qxf3 Nxd4 15. Qxb7 Bxc5 16. Rfd1 Rb8 17. Qa6 Rxb2 18. Bb3 e5 19. Qc4 Qe7 20. Rac1 Nxb3 21. Bxc5 Nxc5 22. Qxc5 Qxc5 23. Rxc5 Rxa2 24. Rxc7 Re8 25. Nf5 Kf8 26. g4 g6 27. g5 gxf5 28. gxf6 Ra6 29. Rdd7 Rxf6 30. Rxa7 e4 31. Kg2 f4 32. Ra2 Rg6+ 33. Kf1 Rb8 34. Ke2 Rb3 35. Ra8+ Kg7 36. Raa7 f3+ 37. Kd2 Rf6 38. Re7 Rb2+ 39. Ke3 Re2+ 40. Kd4 e3 41. Rxe3 Rxf2 42. Ra5 Rg2 43. Raa3 f2 44. Rg3+ Rxg3 45. Rxg3+ Kh6 0-1

[Event "Titled Tuesday intern op 11th Jul Late"]
[Site "Chess.com INT"]
[Date "2023.07.11"]
[Round "9"]
[White "Pakhomova, Ekaterina"]
[Black "Jakobeit, David"]
[Result "0-1"]
[WhiteElo "2030"]
[BlackElo "2210"]
[PlyCount "194"]
[EventDate "2023.07.11"]
[EventType "swiss (blitz)"]
[EventRounds "11"]
[EventCountry "USA"]
[SourceTitle "EXT 2024"]
[Source "ChessBase"]
[SourceDate "2023.10.10"]
[SourceVersion "1"]
[SourceVersionDate "2023.10.10"]
[SourceQuality "1"]

1. e4 d6 2. d4 Nf6 3. Nc3 g6 4. Nf3 Bg7 5. Be3 c6 6. Bd3 0-0 7. h3 Nbd7 8. Ne2 e5 9. c3 Re8 10. Ng3 d5 11. dxe5 Nxe5 12. Nxe5 Rxe5 13. f4 Re8 14. e5 Nd7 15. 0-0 f6 16. Qc2 fxe5 17. fxe5 Nxe5 18. Rae1 Nxd3 19. Qxd3 Be6 20. Bd4 Qd7 21. h4 Bxd4+ 22. cxd4 Rf8 23. h5 Rxf1+ 24. Rxf1 Qg7 25. Qe3 Re8 26. h6 Qc7 27. Qg5 Qe7 28. Qe5 Bg4 29. Qf4 Bd7 30. Qc7 Bg4 31. Qf4 Qe3+ 32. Kh2 Qxf4 33. Rxf4 Bd7 34. Rf3 Re1 35. Rb3 b6 36. a3 Kf7 37. Rf3+ Ke7 38. Nf1 Re4 39. Rd3 Rh4+ 40. Kg3 Rxh6 41. Ne3 Bf5 42. Rd2 Be4 43. Rf2 Rh5 44. Ng4 Rg5 45. Kh4 Rf5 46. Re2 h5 47. Nf2 Rf4+ 48. Kg3 g5 49. Nh3 Rg4+ 50. Kh2 Kf6 51. Rf2+ Kg6 52. Re2 Kf5 53. g3 h4 54. Rf2+ Kg6 55. gxh4 Rxh4 56. Kg3 Bf5 57. Ng1 Rg4+ 58. Kh2 Rh4+ 59. Kg2 Rg4+ 60. Kf1 Be4 61. Rf8 Rf4+ 62. Rxf4 gxf4 63. Kf2 Kf5 64. Ne2 Bd3 65. Nc3 b5 66. b4 a6 67. Kf3 Be4+ 68. Kf2 Bd3 69. Kf3 Bc2 70. Kf2 Kg4 71. Ne2 f3 72. Nc3 Kf4 73. Na2 Ke4 74. Nc1 Kxd4 75. Kxf3 Kc3 76. Ke3 Kb2 77. Ne2 Kxa3 78. Nd4 Kxb4 79. Nxc6+ Kb3 80. Na5+ Kb4 81. Nc6+ Kc3 82. Nd4 b4 83. Ne2+ Kb2 84. Kd2 b3 85. Nd4 a5 86. Nb5 a4 87. Nd4 a3 88. Nxc2 bxc2 89. Kd3 c1Q 90. Kd4 Qc4+ 91. Ke5 d4 92. Ke4 d3+ 93. Ke3 d2 94. Kxd2 Qd4+ 95. Ke2 a2 96. Kf3 a1Q 97. Ke2 Qad1# 0-1

[Event "Titled Tuesday intern op 11th Jul Early"]
[Site "Chess.com INT"]
[Date "2023.07.11"]
[Round "11"]
[White "Szyszylo, Rafal"]
[Black "Jakobeit, David"]
[Result "0-1"]
[WhiteElo "2074"]
[BlackElo "2210"]
[PlyCount "96"]
[EventDate "2023.07.11"]
[EventType "swiss (blitz)"]
[EventRounds "11"]
[EventCountry "USA"]
[SourceTitle "EXT 2024"]
[Source "ChessBase"]
[SourceDate "2023.10.10"]
[SourceVersion "1"]
[SourceVersionDate "2023.10.10"]
[SourceQuality "1"]

1. e4 c6 2. d4 d5 3. e5 c5 4. dxc5 e6 5. Nf3 Bxc5 6. Bd3 Nc6 7. 0-0 Nge7 8. Nbd2 Ng6 9. Nb3 Bb6 10. Re1 0-0 11. Be3 Bd7 12. g3 Bc7 13. Bd4 Nxd4 14. Nbxd4 Re8 15. h4 f6 16. Bxg6 hxg6 17. Qd3 Kf7 18. Re3 Bb6 19. Rae1 Rc8 20. c3 Rc4 21. b3 Rc8 22. a4 a6 23. Qd2 Qc7 24. Kg2 Bc5 25. b4 Ba7 26. a5 b6 27. axb6 Bxb6 28. Qa2 a5 29. b5 Qc4 30. Qd2 a4 31. Ra1 Ra8 32. Qb2 Bc5 33. b6 Reb8 34. b7 Ra7 35. exf6 gxf6 36. Qd2 Raxb7 37. h5 g5 38. Qc2 Rg8 39. Qh7+ Rg7 40. Qh6 e5 41. Ne2 Bxe3 42. fxe3 Qxe2+ 43. Kg1 Qxf3 44. Rf1 Qxg3+ 45. Kh1 d4 46. Qxf6+ Kg8 47. Qf8+ Kh7 48. h6 Bc6+ 0-1

[Event "Titled Tuesday intern op 04th Jul Early"]
[Site "Chess.com INT"]
[Date "2023.07.04"]
[Round "10"]
[White "Bazilius, Augustinas"]
[Black "Jakobeit, David"]
[Result "0-1"]
[WhiteElo "2110"]
[BlackElo "2210"]
[PlyCount "52"]
[EventDate "2023.07.04"]
[EventType "swiss (blitz)"]
[EventRounds "11"]
[EventCountry "USA"]
[SourceTitle "EXT 2024"]
[Source "ChessBase"]
[SourceDate "2023.10.10"]
[SourceVersion "1"]
[SourceVersionDate "2023.10.10"]
[SourceQuality "1"]

1. d4 d5 2. c4 e6 3. Nf3 Nf6 4. g3 Be7 5. Bg2 0-0 6. 0-0 dxc4 7. Ne5 Nc6 8. Bxc6 bxc6 9. Nxc6 Qe8 10. Nxe7+ Qxe7 11. Qa4 Bb7 12. Qxc4 e5 13. dxe5 Qxe5 14. Nc3 Rad8 15. Bf4 Qh5 16. Qxc7 Rd7 17. Qc4 Qh3 18. f3 Ng4 19. Rf2 Nxf2 20. Kxf2 Qxh2+ 21. Ke3 Re8+ 22. Ne4 Rde7 23. Rd1 Bxe4 24. fxe4 Rxe4+ 25. Qxe4 Rxe4+ 26. Kxe4 Qxe2+ 0-1

[Event "Titled Tuesday intern op 04th Jul Late"]
[Site "Chess.com INT"]
[Date "2023.07.04"]
[Round "3"]
[White "Silva Lucena, Cristian"]
[Black "Jakobeit, David"]
[Result "1/2-1/2"]
[WhiteElo "2285"]
[BlackElo "2210"]
[PlyCount "125"]
[EventDate "2023.07.04"]
[EventType "swiss (blitz)"]
[EventRounds "11"]
[EventCountry "USA"]
[SourceTitle "EXT 2024"]
[Source "ChessBase"]
[SourceDate "2023.10.10"]
[SourceVersion "1"]
[SourceVersionDate "2023.10.10"]
[SourceQuality "1"]

1. Nf3 d5 2. e3 Nf6 3. c4 e6 4. Nc3 Be7 5. Be2 0-0 6. 0-0 b6 7. cxd5 Nxd5 8. a3 Bb7 9. d4 c5 10. dxc5 Bxc5 11. Qc2 Nxc3 12. Qxc3 Qc7 13. b4 Bd6 14. Qxc7 Bxc7 15. Bb2 Nd7 16. Rac1 Rac8 17. Rfd1 Nf6 18. Ne5 Rfd8 19. f3 Rxd1+ 20. Rxd1 Kf8 21. Bb5 Ke7 22. Rd2 Nd5 23. e4 Nf6 24. Kf2 a6 25. Be2 b5 26. Bd4 Rd8 27. Bc5+ Ke8 28. Rxd8+ Bxd8 29. Nd3 Nd7 30. Bd4 f6 31. e5 Kf7 32. exf6 gxf6 33. Nc5 Nxc5 34. bxc5 Bc6 35. Bd3 h6 36. g4 Be7 37. Be3 e5 38. h4 Kg7 39. h5 Bf8 40. Bg6 Be7 41. Bd3 a5 42. Be4 Bxe4 43. fxe4 b4 44. axb4 axb4 45. Ke2 Kf7 46. Kd3 b3 47. Kc3 b2 48. Kxb2 Ke6 49. Kc3 Kd7 50. Kc4 Kc6 51. Kb4 Bf8 52. Kc4 Bg7 53. Kb4 Bf8 54. Kc4 Bg7 55. Kb3 Bf8 56. Ka4 Bg7 57. Ka5 Bf8 58. Ka6 Bg7 59. Ka7 Kc7 60. Ka6 Kc6 61. Ka7 Kc7 62. Bd2 Kc6 63. Be3 1/2-1/2